00930nam a2200241 a 450000100100000000500170001000800410002702000150006802000150008302000150009804000250011308200140013810000300015224501400018226001600032230000210048249000260050349000310052950000340056050000370059483000260063183000310065700004186820201002035812.0131014s2005 sp 001 0 spa d a8447208265 a8400083083 a8477982074 aDO-SdBNPbspacBNPHU axxxxbxxx1 aRueda Ramírez, Pedro J.10aNegocio e intercambio cultural :bel comercio de libros con América en la Carrera de Indias (siglo XVII) /cPedro J. Rueda Ramírez. aSevilla, :bSecretariado de Publicaciones de la Universidad de SevillabConsejo Superior de Investigaciones Científicas,bDiputación de Sevilla,c2005. a524 p. ;c24 cm.1 aNuestra Américav161 aHistoria y geografíav99 aIncluye índice Onomástico aIncluye notas al pie de página 0aNuestra Américav16 0aHistoria y geografíav99